Представление документа в формате RUSMARC

ПолеНазваниеЗначение
  Тип записи a
  Библиографический уровень m
001 Контрольный номер RU/CBS_UL/BASE/577208516
005 Дата корректировки 20240209174821.4
010 Индекс ISBN __
b Уточнения в пер.
d Цена 72 р. 61 к.
9 Тираж экз.
100 Данные общей обработки __
a Данные общей обработки 20180416d2018 ||| 0rusy0189 ca
101 Язык документа 0_
a Язык текста rus
102 Страна публикации __
a Страна публикации RU
105 Кодированные данные (монография) __
a Кодированные данные (монография) y###||||000|y
200 Заглавие и сведения об ответственности 1_
a Заглавие Константы русской политической культуры
b Общее обозначение материала Текст
e Сведения, относящиеся к заглавию сборник
g Последующие сведения об ответственности сост. Н. В. Гараджа
g Последующие сведения об ответственности предисл. А. Чадаева
210 Выходные данные 1_
a Место издания Москва
c Издательство Европа
d Дата издания 2007
215 Физическое описание __
a Объем 92 с.
d Формат см.
300 Общие примечания __
a Общие примечания Ограничения по возрасту - 16+
300 Общие примечания __
a Общие примечания Под инв. номером 127500: 8-1
606 Тематические рубрики 0_
a Основная рубрика Политическая культура - Россия
610 Ключевые слова 0_
a Ключевые слова государство
a Ключевые слова власть
a Ключевые слова политика
a Ключевые слова институты политические
a Ключевые слова политическая культура
686 Индексы других классификаций __
a Классификационный индекс 66.3(Рос)6
2 Код системы ББК
801 Источник записи _0
a Страна RU
b Организация МБУК ЦБС
c Дата составления 20180416
g Правила каталогизации RCR
801 Источник записи _1
a Страна RU
b Организация МБУК ЦБС г. Ульяновска
c Дата составления 20180416
g Правила каталогизации RCR
899 Данные о местонахождении __
i Авторский знак К 65
j Расстановочный фильтр 66.3(Рос)6
901 Тип документа __
t Тип документа m
910 Корректоры записи __
a Корректор записи Хисамова